000 00496nam a2200181Ia 4500
001 9532
005 20260306161725.0
008 260306t1995||||xx |||||||||||||| ||spa||
041 _aESP
082 _a380.141
_bP53
100 _aPichihua Serna, Juan,
_eAUT
245 0 _aConcentración de la información y transparencia en la comercialización de alimentos en el Perú
260 _c1995
300 _a424 páginas :
_c20 cm.
650 _aGEN
654 _aCAN
942 _cLIB
_dJUS
_fJUS
_2ddc
_n
999 _c9532
_d9532